000 00417nam a2200157Ia 4500
008 200103s9999||||xx |||||||||||||| ||und||
020 _a0333544552,
040 _aIMU-MPC
082 _aColumn-20
100 _aStroud, K. A.
245 0 _aFurther Engineering Mathematics: Programmes and Problems
250 _a2nd ed.
260 _bEducational Low-Priced Books Scheme
_c1993
300 _axviii, 1140
942 _cBK
999 _c6479
_d6479